000 00717cam a2200193 4500
001 WB3624-02
008 000000n2000 000 0 eng u
035 _a(Sirsi) u106690
245 _aIdeal insulation for buildings
260 _c2000
490 _aFinancial Times
_v 22 June 2000, 4(1)
520 _aBritish Wool Marketing Board says there is a strong sales potential for wool insulation as a natural alternative to man-made materials. This could bring a useful new 'green' income stream to Britain's hill farmers.
590 _aWB
650 _aBRITISH WOOL MARKETING BOARD
650 _aTHERMAL INSULATION
650 _aNATURAL PRODUCTS
690 _aBUILT ENVIRONMENT-BUILDING MATERIALS
942 _n0
999 _c63873
_d63873